000
00195nam a22000977a 4500
041
_a
eng
080
_a
80
100
_a
Northman, Philip
245
_a
Cliffs Notes: The Great Gatsby
999
_c
282190
_d
282190
942
_c
BK